000 01147cam a2200277 i 4500
003 SA-RiAUC
005 20250708062013.0
008 250706s1987 su g 000r0 ara c
040 _aSA-RiAUC
_bara
_cSA-RiAUC
_erda
082 0 4 _a213
090 _a213
_b س ل م
100 1 _aالسلمان، عبد العزيز بن محمد بن عبد الرحمن،
_d1337-1422 هجري
_eمؤلف.
245 1 0 _aإرشاد العباد للاستعداد ليوم المعاد /
_cتأليف عبد العزيز بن محمد السلمان.
250 _aالطبعة الخامسة.
264 1 _a[مكان النشر غير محدد] :
_b[الناشر غير محدد]،
_c1987
264 3 _aالرياض :
_bمطابع الخالد للأوفست
300 _a154 صفحة ؛
_c24 سم
336 _aنص
_btxt
_2rdacontent
_3كتاب
337 _aبدون وسيط
_bn
_2rdamedia
338 _aمجلد
_bnc
_2rdacarrier
650 7 _aالوعظ والإرشاد
_2aucsh
650 7 _aالدعوة الإسلامية
_2aucsh
650 7 _aيوم القيامة
_2aucsh
942 _2ddc
_cBOOK
_n0
949 _aSA-JeALM
_d250706
_umohamedma123
_n1
999 _c9594
_d9594